Statistics for Translate the Icelandic words

Click here to take the quiz!

General Stats

  • This quiz has been taken 85 times
  • The average score is 4 of 9

Answer Stats

IcelandicTranslate% Correct
EinnOne
94%
GrænnGreen
82%
UndirUnder
73%
FljugaFly
60%
BorðTable
58%
LeikurGame
35%
BlásaBlowing
8%
KlippaEdit
2%
ReiðiRage
2%

Score Distribution

Percentile by Number Answered

Percent of People with Each Score

Your Score History

You have not taken this quiz